Вехи патернализма: судьбы коренных малочисленных народов томского Севера в системе Российской государственности (нач. XIX в. - 30-е гг. XX в.): сборник документов и материалов

Dades bibliogràfiques
Autor corporatiu: Государственный архив Томской области
Altres autors: Дедюхина А. А. (составитель), Караваева А. Г., Фоминых Е. П.
Sumari:Предлагаемый сборник документов отражает разнонаправленность аборигенной политики Российского государства на протяжении XIX в. — 30-х гг. XX в. Материалы сборника расширяют возможность реконструкции этнокультурной и этносоциальной истории аборигенного населения Томской области (селькупов, хантов, эвенков, чулымцев) в указанный период. Книга рассчитана как на специалистов: историков, этнографов, правоведов и управленцев, так и на широкий круг читателей, интересующихся историей родного края.
Idioma:rus
Publicat: Томск, [Б. и.], 2006
Col·lecció:Из истории земли Томской
Matèries:
Format: MixedMaterials Llibre
KOHA link:https://koha.lib.tpu.ru/cgi-bin/koha/opac-detail.pl?biblionumber=343184

MARC

LEADER 00000nam0a2200000 4500
001 343184
005 20231102005530.0
035 |a (RuTPU)RU\TPU\book\373029 
090 |a 343184 
100 |a 20190704d2006 km y0rusy50 ca 
101 0 |a rus 
102 |a RU 
105 |a a z 001zy 
200 1 |a Вехи патернализма: судьбы коренных малочисленных народов томского Севера в системе Российской государственности (нач. XIX в. - 30-е гг. XX в.)  |e сборник документов и материалов  |f Государственный архив Томской области ; сост. А. А. Дедюхина [и др.] 
210 |a Томск  |c [Б. и.]  |d 2006 
215 |a 446 с.  |c ил. 
225 1 |a Из истории земли Томской 
320 |a Именной указатель: с. 423-430 
320 |a Географический указатель: с. 431-438 
320 |a Список использованных архивных фондов: с. 445-446 
330 |a Предлагаемый сборник документов отражает разнонаправленность аборигенной политики Российского государства на протяжении XIX в. — 30-х гг. XX в. Материалы сборника расширяют возможность реконструкции этнокультурной и этносоциальной истории аборигенного населения Томской области (селькупов, хантов, эвенков, чулымцев) в указанный период. Книга рассчитана как на специалистов: историков, этнографов, правоведов и управленцев, так и на широкий круг читателей, интересующихся историей родного края. 
606 1 |a Томская область  |x История  |2 stltpush  |3 (RuTPU)RU\TPU\subj\67227  |9 83110 
606 1 |a Народы Западной Сибири  |x История  |2 stltpush  |3 (RuTPU)RU\TPU\subj\67197  |9 83080 
610 1 |a патернализм 
610 1 |a коренные народы 
610 1 |a малочисленные народы 
610 1 |a Российская империя 
610 1 |a Томская губерния 
610 1 |a национальное строительство 
610 1 |a СССР 
610 1 |a документы 
610 1 |a материалы 
686 |a Т3(253.3-4Том)  |v LBC/SL-A  |2 rubbk 
686 |a Т3(253.3)  |v LBC/SL-A  |2 rubbk 
702 1 |a Дедюхина  |b А. А.  |4 220 
702 1 |a Караваева  |b А. Г.  |4 220 
702 1 |a Фоминых  |b Е. П.  |4 220 
712 0 2 |a Государственный архив Томской области  |2 stltpush  |3 (RuTPU)RU\TPU\col\126  |9 23209 
801 1 |a RU  |b 63413507  |c 20190704 
801 2 |a RU  |b 63413507  |c 20190909  |g RCR 
942 |c BK